[Event "30th Klatovy A 2024"]
[Site "Klatovy CZE"]
[Date "2024.06.30"]
[Round "2.11"]
[White "Rudlof, Adam"]
[Black "Velickov, Dominik"]
[Result "0-1"]
[WhiteElo "1820"]
[BlackElo "1885"]
[PlyCount "62"]
[EventDate "2024.06.29"]
[EventType "swiss"]
[EventRounds "9"]
[EventCountry "CZE"]

1. e4 {[%emt 0:00:02]} c5 {[%emt 0:00:10]} 2. Nf3 {[%emt 0:00:08]} Nc6 {[%emt 0:00:11]} 3. d4 {[%emt 0:00:05]} cxd4 {[%emt 0:00:04]} 4. Nxd4 {[%emt 0:00:08]} Nf6 {[%emt 0:00:14]} 5. Nc3 {[%emt 0:00:07]} g6 {[%emt 0:00:03]} 6. Be3 {[%emt 0:00:08]} Bg7 {[%emt 0:00:05]} 7. Bc4 {[%emt 0:00:05]} Qa5 {[%emt 0:00:14]} 8. O-O {[%emt 0:00:08]} O-O {[%emt 0:00:04]} 9. Bb3 {[%emt 0:00:03]} d6 {[%emt 0:00:11]} 10. h3 {[%emt 0:00:05]} Bd7 {[%emt 0:00:10]} 11. Re1 {[%emt 0:00:43]} Rfe8 {[%emt 0:00:07]} 12. Qe2 {[%emt 0:00:08]} Rac8 {[%emt 0:00:04]} 13. Rad1 {[%emt 0:00:06]} Nxd4 {[%emt 0:00:13]} 14. Bxd4 {[%emt 0:00:09]} Bc6 {[%emt 0:00:04]} 15. Nd5 {[%emt 0:01:50]} Bb5 {[%emt 0:00:24]} 16. c4 {[%emt 0:08:38]} Nxd5 {[%emt 0:00:11]} 17. exd5 {[%emt 0:05:04]} Bxd4 {[%emt 0:01:03]} 18. Rxd4 {[%emt 0:00:10]} e5 {[%emt 0:00:05]} 19. Rh4 {[%emt 0:08:20]} Bd7 {[%emt 0:00:26]} 20. Qe3 {[%emt 0:05:16]} f5 {[%emt 0:02:08]} 21. Rd1 {[%emt 0:23:45]} f4 {[%emt 0:04:56]} 22. Qf3 {[%emt 0:07:51]} Rf8 {[%emt 0:07:58]} 23. g3 {[%emt 0:17:04]} Qd8 {[%emt 0:01:45]} 24. Qe2 {[%emt 0:12:31]} Qg5 {[%emt 0:05:57]} 25. Kh2 {[%emt 0:04:48]} Rf7 {[%emt 0:00:17]} 26. Rd2 {[%emt 0:04:58]} e4 {[%emt 0:02:30]} 27. Rxf4 {[%emt 0:07:24]} Rxf4 {[%emt 0:00:30]} 28. gxf4 {[%emt 0:00:06]} Qxf4+ {[%emt 0:00:09]} 29. Kg2 {[%emt 0:00:30]} Rf8 {[%emt 0:04:37]} 30. Bc2 {[%emt 0:01:45]} Qg5+ {[%emt 0:00:39]} 31. Kh1 {[%emt 0:07:56]} Rf3 {[%emt 0:00:41]} 0-1

[Event "30th Klatovy A 2024"]
[Site "Klatovy CZE"]
[Date "2024.06.30"]
[Round "2.12"]
[White "Kovar, Petr"]
[Black "Slovak, Kilian"]
[Result "0-1"]
[WhiteElo "1904"]
[BlackElo "2271"]
[PlyCount "78"]
[EventDate "2024.06.29"]
[EventType "swiss"]
[EventRounds "9"]
[EventCountry "CZE"]

1. c4 {[%emt 0:00:02]} Nf6 {[%emt 0:00:07]} 2. Nc3 {[%emt 0:00:11]} g6 {[%emt 0:00:08]} 3. g3 {[%emt 0:01:02]} Bg7 {[%emt 0:00:08]} 4. Bg2 {[%emt 0:00:07]} O-O {[%emt 0:00:17]} 5. Nf3 {[%emt 0:02:11]} d6 {[%emt 0:00:09]} 6. O-O {[%emt 0:00:43]} Nc6 {[%emt 0:00:08]} 7. b3 {[%emt 0:02:06]} e5 {[%emt 0:00:27]} 8. Bb2 {[%emt 0:00:26]} Nh5 {[%emt 0:01:46]} 9. e3 {[%emt 0:08:18]} f5 {[%emt 0:01:59]} 10. d4 {[%emt 0:04:14]} e4 {[%emt 0:04:39]} 11. Ne1 {[%emt 0:04:06]} Bd7 {[%emt 0:02:40]} 12. Nc2 {[%emt 0:07:37]} Nf6 {[%emt 0:05:17]} 13. Qd2 {[%emt 0:12:09]} g5 {[%emt 0:12:32]} 14. Rae1 {[%emt 0:10:40]} a6 {[%emt 0:06:31]} 15. Rb1 {[%emt 0:07:05]} Qe8 {[%emt 0:01:27]} 16. Qe2 {[%emt 0:03:43]} Qg6 {[%emt 0:02:33]} 17. Rbe1 {[%emt 0:12:18]} Rae8 {[%emt 0:02:42]} 18. Qd2 {[%emt 0:04:01]} h5 {[%emt 0:01:27]} 19. Kh1 {[%emt 0:06:23]} Qh6 {[%emt 0:04:19]} 20. f4 {[%emt 0:05:04]} exf3 {[%emt 0:00:59]} 21. Bxf3 {[%emt 0:01:22]} h4 {[%emt 0:01:50]} 22. gxh4 {[%emt 0:06:46]} Qxh4 {[%emt 0:00:57]} 23. Qf2 {[%emt 0:01:35]} Qh6 {[%emt 0:03:26]} 24. Nd5 {[%emt 0:04:17]} Nxd5 {[%emt 0:05:23]} 25. Bxd5+ {[%emt 0:00:13]} Kh8 {[%emt 0:00:07]} 26. Rg1 {[%emt 0:05:12]} g4 {[%emt 0:04:12]} 27. Bc3 {[%emt 0:04:22]} Ne7 {[%emt 0:02:28]} 28. Bxb7 {[%emt 0:01:02]} c6 {[%emt 0:01:50]} 29. Nb4 {[%emt 0:01:55]} a5 {[%emt 0:09:17]} 30. Na6 {[%emt 0:02:43]} Ng6 {[%emt 0:04:42]} 31. Qg3 {[%emt 0:01:30]} Nh4 {[%emt 0:00:29]} 32. Re2 {[%emt 0:03:08]} f4 {[%emt 0:00:40]} 33. Qe1 {[%emt 0:03:03]} Nf3 {[%emt 0:00:56]} 34. Qc1 {[%emt 0:00:25]} Nxg1 {[%emt 0:00:20]} 35. Kxg1 {[%emt 0:00:09]} f3 {[%emt 0:00:12]} 36. Rf2 {[%emt 0:00:27]} Qxe3 {[%emt 0:00:25]} 37. Bd2 {[%emt 0:02:11]} Qxd4 {[%emt 0:00:07]} 38. Bxa5 {[%emt 0:01:31]} Re2 {[%emt 0:00:16]} 39. Qf1 {[%emt 0:01:23]} Qa7 {[%emt 0:00:12]} 0-1

[Event "30th Klatovy A 2024"]
[Site "Klatovy CZE"]
[Date "2024.06.30"]
[Round "2.13"]
[White "Vana, Jan 2010"]
[Black "Dvorak, Jan"]
[Result "1-0"]
[WhiteElo "1875"]
[BlackElo "2133"]
[PlyCount "35"]
[EventDate "2024.06.29"]
[EventType "swiss"]
[EventRounds "9"]
[EventCountry "CZE"]

1. e4 e6 2. d4 d5 3. Nd2 Be7 4. Bd3 c5 5. dxc5 Nf6 6. Qe2 O-O 7. c3 a5 8. Ngf3 Na6 9. e5 Nd7 10. h4 f6 11. Bxh7+ Kxh7 12. Ng5+ fxg5 13. hxg5+ Kg6 14. Qh5+ Kf5 15. g4+ Kf4 16. Qh2+ Kxg4 17. Qh3+ Kxg5 18. Ne4+ 1-0

[Event "30th Klatovy A 2024"]
[Site "Klatovy CZE"]
[Date "2024.06.30"]
[Round "2.14"]
[White "Roubal, Matyas"]
[Black "Polak, Michal 2002"]
[Result "0-1"]
[WhiteElo "1870"]
[BlackElo "2075"]
[PlyCount "80"]
[EventDate "2024.06.29"]
[EventType "swiss"]
[EventRounds "9"]
[EventCountry "CZE"]

1. e4 e5 2. Nf3 Nc6 3. d4 exd4 4. Nxd4 Nf6 5. Nxc6 bxc6 6. e5 Qe7 7. Qe2 Nd5 8. c4 Ba6 9. g3 g6 10. b3 Bg7 11. Bb2 O-O 12. Bg2 Qb4+ 13. Qd2 Qxd2+ 14. Kxd2 Nb6 15. f4 d5 16. c5 Nd7 17. b4 Rab8 18. a3 Nxc5 19. Kc2 Bd3+ 20. Kc3 Be4 21. Bxe4 Nxe4+ 22. Kc2 c5 23. Nc3 Nxc3 24. Bxc3 d4 25. Bb2 Rfd8 26. Rad1 f6 27. e6 f5 28. Kd3 a5 29. Kc4 cxb4 30. Bxd4 Rxd4+ 31. Rxd4 Bxd4 32. Kxd4 b3 33. a4 b2 34. Rb1 Kf8 35. Kc5 Rb6 36. Kd5 Ke7 37. h3 h5 38. g4 fxg4 39. hxg4 hxg4 40. Rh1 Rd6+ 0-1

[Event "30th Klatovy A 2024"]
[Site "Klatovy CZE"]
[Date "2024.06.30"]
[Round "2.15"]
[White "Sadil, Antonin"]
[Black "Zrust, Lukas"]
[Result "1-0"]
[WhiteElo "1956"]
[BlackElo "1850"]
[PlyCount "109"]
[EventDate "2024.06.29"]
[EventType "swiss"]
[EventRounds "9"]
[EventCountry "CZE"]

1. e4 c5 2. Nc3 d6 3. g3 g6 4. Bg2 Bg7 5. d3 Nc6 6. Be3 Nf6 7. Qd2 Ng4 8. Nge2 Nxe3 9. fxe3 O-O 10. O-O Qb6 11. Rab1 e6 12. Nf4 Bd7 13. Kh1 Qa5 14. Bh3 a6 15. a3 b5 16. b4 cxb4 17. axb4 Nxb4 18. Ncd5 Nc6 19. Qxa5 Nxa5 20. Nb6 Ra7 21. Nxd7 Rxd7 22. Nxe6 fxe6 23. Bxe6+ Rdf7 24. Rxf7 Rxf7 25. Rf1 Nc6 26. Bxf7+ Kh8 27. Rb1 Bc3 28. d4 Nb4 29. Rb3 Bd2 30. c4 Kg7 31. cxb5 axb5 32. Be8 Kf6 33. Bxb5 h5 34. Bd3 g5 35. Be2 h4 36. Rb1 hxg3 37. hxg3 Bc3 38. Rf1+ Kg6 39. Bb5 Bd2 40. Be8+ Kg7 41. Rf7+ Kg8 42. Rf6 Bxe3 43. Rxd6 Kf8 44. Bg6 Ke7 45. Rb6 Nc2 46. Rb7+ Kf6 47. d5 Kxg6 48. d6 Nd4 49. d7 Nc6 50. Rb8 Kf6 51. Rc8 Ke7 52. Rxc6 Kxd7 53. Ra6 Kc7 54. Kg2 Bb6 55. Rxb6 1-0

[Event "30th Klatovy A 2024"]
[Site "Klatovy CZE"]
[Date "2024.06.30"]
[Round "2.16"]
[White "Slivova, Linda"]
[Black "Benes, Jachym"]
[Result "0-1"]
[WhiteElo "1842"]
[BlackElo "1940"]
[PlyCount "100"]
[EventDate "2024.06.29"]
[EventType "swiss"]
[EventRounds "9"]
[EventCountry "CZE"]

1. e4 e6 2. d3 d5 3. Nd2 Nf6 4. Ngf3 c5 5. g3 Nc6 6. Bg2 Be7 7. O-O d4 8. Re1 e5 9. Nc4 Qc7 10. a4 O-O 11. Ng5 Nd7 12. Nh3 a6 13. f4 f6 14. Rf1 Rb8 15. fxe5 Ndxe5 16. Nf4 Bg4 17. Qd2 b5 18. Nxe5 fxe5 19. Nd5 Qd7 20. axb5 axb5 21. c3 c4 22. Rxf8+ Rxf8 23. dxc4 Bc5 24. Kh1 bxc4 25. cxd4 Nxd4 26. Qc3 Bh3 27. Qxc4 Bxg2+ 28. Kxg2 Qf7 29. Ne3 Qxc4 30. Nxc4 Nb3 31. Be3 Nxa1 32. Bxc5 Rc8 33. b4 Nb3 34. Nb6 Rc6 35. Nd5 Kf7 36. Ba7 Rc4 37. Kf3 Nd2+ 38. Ke2 Nxe4 39. Kd3 Nd6 40. Bc5 e4+ 41. Ke3 Ke6 42. Nc7+ Ke5 43. Na6 Rc3+ 44. Kd2 Rd3+ 45. Kc2 Nb5 46. Bf8 Nd4+ 47. Kc1 Ne6 48. Be7 e3 49. Nc5 Nxc5 50. Bxc5 e2 0-1

[Event "30th Klatovy A 2024"]
[Site "Klatovy CZE"]
[Date "2024.06.30"]
[Round "2.17"]
[White "Simek, Vladimir"]
[Black "Pick, Stepan"]
[Result "1/2-1/2"]
[WhiteElo "1805"]
[BlackElo "1919"]
[PlyCount "65"]
[EventDate "2024.06.29"]
[EventType "swiss"]
[EventRounds "9"]
[EventCountry "CZE"]

1. e4 e6 2. d4 d5 3. e5 c5 4. c3 Nc6 5. Bb5 Qb6 6. Bxc6+ bxc6 7. Ne2 Ba6 8. O-O Ne7 9. Re1 Nf5 10. Ng3 Nxg3 11. hxg3 h5 12. b3 cxd4 13. cxd4 Bb4 14. Re3 c5 15. Bb2 cxd4 16. Bxd4 Bc5 17. Bxc5 Qxc5 18. Rc3 Qb6 19. Nd2 Qd4 20. Rc6 Bb5 21. Rc7 Qxe5 22. Rac1 O-O 23. Nf3 Qd6 24. Nd4 Bd7 25. a4 a6 26. R1c5 Rfc8 27. Qc1 Rxc7 28. Rxc7 Qb4 29. Qf4 Be8 30. Qe5 Qd2 31. f3 Qh6 32. f4 Qf6 33. Qe3 1/2-1/2

[Event "30th Klatovy A 2024"]
[Site "Klatovy CZE"]
[Date "2024.06.30"]
[Round "2.18"]
[White "Lhotsky, Zdenek"]
[Black "Paldus, Jan"]
[Result "1-0"]
[WhiteElo "1918"]
[BlackElo "1828"]
[PlyCount "49"]
[EventDate "2024.06.29"]
[EventType "swiss"]
[EventRounds "9"]
[EventCountry "CZE"]

1. e4 d6 2. d4 Nf6 3. Nc3 g6 4. g3 Bg7 5. Bg2 c6 6. Nge2 Nbd7 7. O-O O-O 8. h3 e5 9. Be3 Qc7 10. f4 b6 11. g4 Bb7 12. f5 h6 13. Ng3 exd4 14. Bxd4 d5 15. Bf2 Nxe4 16. Ngxe4 dxe4 17. Bxe4 Bxc3 18. bxc3 c5 19. Bxb7 Qxb7 20. Qd6 Kg7 21. fxg6 fxg6 22. Qe7+ Kg8 23. Rad1 Rf7 24. Qe6 Kg7 25. Bd4+ 1-0

[Event "30th Klatovy A 2024"]
[Site "Klatovy CZE"]
[Date "2024.06.30"]
[Round "2.19"]
[White "Feierfeil, Jiri"]
[Black "Krivka, Matej"]
[Result "0-1"]
[WhiteElo "1717"]
[BlackElo "1914"]
[PlyCount "64"]
[EventDate "2024.06.29"]
[EventType "swiss"]
[EventRounds "9"]
[EventCountry "CZE"]

1. d4 Nf6 2. c4 g6 3. Nc3 Bg7 4. e4 d6 5. f3 Nc6 6. Bd3 a6 7. Be3 Rb8 8. Nge2 O-O 9. b3 Nd7 10. O-O e5 11. d5 Nd4 12. Qd2 Nc5 13. Bb1 Nxe2+ 14. Nxe2 f5 15. Bg5 Qe8 16. Bh6 f4 17. Bxg7 Kxg7 18. b4 Nd7 19. a4 g5 20. g4 h5 21. h3 Nf6 22. Kg2 Qg6 23. Bd3 hxg4 24. hxg4 Bxg4 25. fxg4 Nxg4 26. Rf3 Rh8 27. Rg1 Rbf8 28. Rh1 Rxh1 29. Kxh1 Qh5+ 30. Kg2 Rh8 31. Qd1 Ne3+ 32. Rxe3 fxe3 0-1

[Event "30th Klatovy A 2024"]
[Site "Klatovy CZE"]
[Date "2024.06.30"]
[Round "2.20"]
[White "Bara, Jan"]
[Black "Roubik, Vit"]
[Result "1-0"]
[WhiteElo "1909"]
[BlackElo "1813"]
[PlyCount "101"]
[EventDate "2024.06.29"]
[EventType "swiss"]
[EventRounds "9"]
[EventCountry "CZE"]

1. c4 c5 2. g3 g6 3. Bg2 Bg7 4. Nc3 Nc6 5. Rb1 Nf6 6. d3 O-O 7. e4 d6 8. Nge2 Rb8 9. O-O e6 10. h3 b6 11. f4 Bb7 12. g4 Ne7 13. Ng3 d5 14. f5 dxe4 15. dxe4 exf5 16. Qxd8 Rfxd8 17. exf5 gxf5 18. Nxf5 Nxf5 19. Rxf5 Bxg2 20. Kxg2 Rd4 21. Bg5 Ne4 22. Nxe4 Rxe4 23. Rbf1 Rb7 24. b3 Rd7 25. Kf3 Red4 26. Re1 h6 27. Re8+ Kh7 28. Be3 Rd3 29. h4 Bd4 30. h5 Rxe3+ 31. Rxe3 Bxe3 32. Kxe3 Re7+ 33. Kf4 Kg7 34. Re5 Rd7 35. Rd5 Re7 36. Rd2 f6 37. a3 Kf7 38. b4 cxb4 39. axb4 Rc7 40. Rd4 Re7 41. Kf3 Rc7 42. Ke3 Ke6 43. Re4+ Kf7 44. Kd4 Rd7+ 45. Kc3 Rc7 46. Kb3 Rd7 47. Ka4 a6 48. c5 bxc5 49. bxc5 Rc7 50. Kb4 Rc6 51. Kc4 1-0

[Event "30th Klatovy A 2024"]
[Site "Klatovy CZE"]
[Date "2024.07.02"]
[Round "4.1"]
[White "Straka, Vojtech"]
[Black "Jordanov, Mihail"]
[Result "1-0"]
[WhiteElo "2436"]
[BlackElo "2177"]
[PlyCount "75"]
[EventDate "2024.06.29"]
[EventType "swiss"]
[EventRounds "9"]
[EventCountry "CZE"]

1. c4 {[%emt 0:00:02]} c5 {[%emt 0:00:29]} 2. Nf3 {[%emt 0:00:11]} Nc6 {[%emt 0:00:19]} 3. Nc3 {[%emt 0:00:08]} e5 {[%emt 0:00:50]} 4. e3 {[%emt 0:00:29]} Nf6 {[%emt 0:01:20]} 5. d4 {[%emt 0:00:09]} cxd4 {[%emt 0:00:54]} 6. exd4 {[%emt 0:00:08]} e4 {[%emt 0:00:50]} 7. Ne5 {[%emt 0:00:08]} Bd6 {[%emt 0:07:01]} 8. f4 {[%emt 0:18:57]} O-O {[%emt 0:12:12]} 9. Be2 {[%emt 0:06:17]} Bc7 {[%emt 0:12:15]} 10. Be3 {[%emt 0:09:32]} Ne7 {[%emt 0:10:25]} 11. O-O {[%emt 0:14:50]} Nf5 {[%emt 0:26:20]} 12. Bf2 {[%emt 0:01:42]} d6 {[%emt 0:02:56]} 13. Ng4 {[%emt 0:02:48]} Nxg4 {[%emt 0:01:05]} 14. Bxg4 {[%emt 0:00:02]} e3 {[%emt 0:00:23]} 15. Bg3 {[%emt 0:14:52]} e2 {[%emt 0:06:12]} 16. Bxe2 {[%emt 0:03:06]} Ne3 {[%emt 0:01:15]} 17. Qd3 {[%emt 0:01:42]} Nxf1 {[%emt 0:03:05]} 18. Rxf1 {[%emt 0:00:11]} Re8 {[%emt 0:02:42]} 19. f5 {[%emt 0:04:51]} Bb6 {[%emt 0:09:23]} 20. Nd5 {[%emt 0:05:55]} f6 {[%emt 0:04:30]} 21. Bh5 {[%emt 0:03:57]} Re5 {[%emt 0:02:47]} 22. Nxb6 {[%emt 0:07:21]} Qxb6 {[%emt 0:00:08]} 23. Bxe5 {[%emt 0:01:54]} fxe5 {[%emt 0:05:39]} 24. c5 {[%emt 0:01:21]} Qb4 {[%emt 0:03:37]} 25. Kh1 {[%emt 0:04:13]} Qxd4 {[%emt 0:02:48]} 26. Qb3+ {[%emt 0:00:16]} d5 {[%emt 0:03:03]} 27. Qb5 {[%emt 0:06:14]} Bxf5 {[%emt 0:02:20]} 28. Rxf5 {[%emt 0:00:09]} g6 {[%emt 0:00:21]} 29. Qd7 {[%emt 0:05:18]} Qe4 {[%emt 0:06:36]} 30. Qe6+ {[%emt 0:00:30]} Kg7 {[%emt 0:00:57]} 31. Rxe5 {[%emt 0:00:09]} Qd3 {[%emt 0:01:41]} 32. Qd7+ {[%emt 0:05:56]} Kf8 {[%emt 0:01:05]} 33. Qd6+ {[%emt 0:01:17]} Kg7 {[%emt 0:00:05]} 34. Re7+ {[%emt 0:00:24]} Kh6 {[%emt 0:00:31]} 35. Qf4+ {[%emt 0:00:17]} g5 {[%emt 0:00:09]} 36. Re6+ {[%emt 0:00:12]} Kxh5 {[%emt 0:00:44]} 37. g4+ {[%emt 0:00:08]} Kh4 {[%emt 0:00:04]} 38. Rh6# {[%emt 0:00:08]} 1-0

[Event "30th Klatovy A 2024"]
[Site "Klatovy CZE"]
[Date "2024.07.02"]
[Round "4.2"]
[White "Skypala, Ondrej"]
[Black "Velickov, Dominik"]
[Result "1/2-1/2"]
[WhiteElo "2223"]
[BlackElo "1885"]
[PlyCount "109"]
[EventDate "2024.06.29"]
[EventType "swiss"]
[EventRounds "9"]
[EventCountry "CZE"]

1. c4 {[%emt 0:03:04]} Nf6 {[%emt 0:00:31]} 2. g3 {[%emt 0:00:06]} c5 {[%emt 0:00:13]} 3. Bg2 {[%emt 0:00:05]} g6 {[%emt 0:00:07]} 4. Nc3 {[%emt 0:00:06]} Bg7 {[%emt 0:00:06]} 5. Nf3 {[%emt 0:00:10]} Nc6 {[%emt 0:00:06]} 6. d4 {[%emt 0:00:09]} cxd4 {[%emt 0:00:06]} 7. Nxd4 {[%emt 0:00:03]} O-O {[%emt 0:00:14]} 8. O-O {[%emt 0:00:07]} Nxd4 {[%emt 0:00:05]} 9. Qxd4 {[%emt 0:00:04]} d6 {[%emt 0:00:08]} 10. Qd3 {[%emt 0:00:03]} Rb8 {[%emt 0:03:53]} 11. c5 {[%emt 0:01:20]} dxc5 {[%emt 0:01:16]} 12. Qxd8 {[%emt 0:00:19]} Rxd8 {[%emt 0:00:04]} 13. Bf4 {[%emt 0:00:06]} Ra8 {[%emt 0:00:28]} 14. Be3 {[%emt 0:01:52]} Be6 {[%emt 0:32:14]} 15. Rfd1 {[%emt 0:11:09]} Nd7 {[%emt 0:40:23]} 16. Nd5 {[%emt 0:29:00]} Bxd5 {[%emt 0:11:51]} 17. Rxd5 {[%emt 0:01:45]} Nb6 {[%emt 0:00:57]} 18. Rxc5 {[%emt 0:00:22]} Bxb2 {[%emt 0:00:32]} 19. Rb1 {[%emt 0:00:49]} Bd4 {[%emt 0:00:38]} 20. Bxd4 {[%emt 0:00:10]} Rxd4 {[%emt 0:00:07]} 21. Bxb7 {[%emt 0:00:06]} Rad8 {[%emt 0:01:35]} 22. Ra5 {[%emt 0:03:59]} Rd1+ {[%emt 0:02:36]} 23. Rxd1 {[%emt 0:00:08]} Rxd1+ {[%emt 0:00:04]} 24. Kg2 {[%emt 0:00:08]} Rd7 {[%emt 0:00:08]} 25. Be4 {[%emt 0:00:30]} Kg7 {[%emt 0:01:57]} 26. Bd3 {[%emt 0:02:15]} e6 {[%emt 0:05:57]} 27. Kf3 {[%emt 0:00:43]} Kf6 {[%emt 0:00:40]} 28. h4 {[%emt 0:00:21]} h5 {[%emt 0:00:39]} 29. Ra6 {[%emt 0:01:07]} Nd5 {[%emt 0:00:49]} 30. a3 {[%emt 0:00:34]} Ke5 {[%emt 0:02:49]} 31. Ra5 {[%emt 0:00:58]} Kd6 {[%emt 0:00:51]} 32. e4 {[%emt 0:02:45]} Nb6 {[%emt 0:00:23]} 33. Kf4 {[%emt 0:00:41]} Ke7 {[%emt 0:00:45]} 34. Be2 {[%emt 0:01:50]} Kf6 {[%emt 0:01:37]} 35. f3 {[%emt 0:04:08]} Rc7 {[%emt 0:00:40]} 36. g4 {[%emt 0:02:43]} hxg4 {[%emt 0:00:45]} 37. fxg4 {[%emt 0:00:06]} Rd7 {[%emt 0:01:37]} 38. h5 {[%emt 0:04:43]} gxh5 {[%emt 0:00:32]} 39. gxh5 {[%emt 0:01:58]} Kg7 {[%emt 0:04:17]} 40. Rg5+ {[%emt 0:03:22]} Kh6 {[%emt 0:00:53]} 41. Rc5 {[%emt 0:02:12]} Rd2 {[%emt 0:05:10]} 42. Ke3 {[%emt 0:01:18]} Rd7 {[%emt 0:01:23]} 43. Bg4 {[%emt 0:02:14]} Kg7 {[%emt 0:06:31]} 44. Kf4 {[%emt 0:01:14]} Rd3 {[%emt 0:01:40]} 45. Rc7 {[%emt 0:00:44]} Rd7 {[%emt 0:00:28]} 46. Rc3 {[%emt 0:08:48]} Kh6 {[%emt 0:01:55]} 47. Rc5 {[%emt 0:00:55]} Rd3 {[%emt 0:00:30]} 48. Rc7 {[%emt 0:02:37]} Rd7 {[%emt 0:00:09]} 49. Rc3 {[%emt 0:00:06]} f5 {[%emt 0:01:00]} 50. Be2 {[%emt 0:00:44]} Rd4 {[%emt 0:00:30]} 51. Bf3 {[%emt 0:05:52]} Nd5+ {[%emt 0:00:42]} 52. Ke5 {[%emt 0:00:04]} Rxe4+ {[%emt 0:00:24]} 53. Bxe4 {[%emt 0:00:05]} Nxc3 {[%emt 0:00:10]} 54. Bf3 {[%emt 0:00:07]} a5 {[%emt 0:01:25]} 55. Kxe6 {[%emt 0:00:20]} 1/2-1/2

[Event "30th Klatovy A 2024"]
[Site "Klatovy CZE"]
[Date "2024.07.02"]
[Round "4.3"]
[White "Routner, Jakub"]
[Black "Kucera, Petr"]
[Result "1/2-1/2"]
[WhiteElo "2139"]
[BlackElo "2197"]
[PlyCount "38"]
[EventDate "2024.06.29"]
[EventType "swiss"]
[EventRounds "9"]
[EventCountry "CZE"]

1. Nf3 {[%emt 0:01:03]} d5 {[%emt 0:00:47]} 2. g3 {[%emt 0:00:15]} Nf6 {[%emt 0:01:04]} 3. Bg2 {[%emt 0:00:24]} Bf5 {[%emt 0:01:27]} 4. c4 {[%emt 0:01:14]} c6 {[%emt 0:01:17]} 5. b3 {[%emt 0:02:09]} e6 {[%emt 0:02:01]} 6. Bb2 {[%emt 0:00:36]} Be7 {[%emt 0:01:27]} 7. d3 {[%emt 0:00:40]} h6 {[%emt 0:03:07]} 8. Nbd2 {[%emt 0:00:46]} O-O {[%emt 0:01:11]} 9. Rc1 {[%emt 0:01:21]} Bh7 {[%emt 0:01:40]} 10. O-O {[%emt 0:05:20]} a5 {[%emt 0:01:24]} 11. a3 {[%emt 0:01:52]} Nbd7 {[%emt 0:02:05]} 12. Rc2 {[%emt 0:00:42]} Ne8 {[%emt 0:11:44]} 13. Qa1 {[%emt 0:07:25]} Bf6 {[%emt 0:01:46]} 14. Rb1 {[%emt 0:13:54]} Qe7 {[%emt 0:04:27]} 15. Bh3 {[%emt 0:06:38]} Bxb2 {[%emt 0:15:03]} 16. Qxb2 {[%emt 0:02:08]} Nd6 {[%emt 0:01:18]} 17. Ne5 {[%emt 0:12:56]} Nxe5 {[%emt 0:12:47]} 18. Qxe5 {[%emt 0:00:40]} Rfe8 {[%emt 0:00:22]} 19. Rbc1 {[%emt 0:12:37]} Kf8 {[%emt 0:13:48]} 1/2-1/2

[Event "30th Klatovy A 2024"]
[Site "Klatovy CZE"]
[Date "2024.07.02"]
[Round "4.4"]
[White "Pecka, Jan"]
[Black "Slovak, Kilian"]
[Result "1/2-1/2"]
[WhiteElo "197"]
[BlackElo "2271"]
[PlyCount "160"]
[EventDate "2024.06.29"]
[EventType "swiss"]
[EventRounds "9"]
[EventCountry "CZE"]

1. d4 {[%emt 0:02:41]} Nf6 {[%emt 0:00:07]} 2. c4 {[%emt 0:00:06]} g6 {[%emt 0:00:06]} 3. Nc3 {[%emt 0:00:08]} Bg7 {[%emt 0:00:09]} 4. e4 {[%emt 0:00:10]} O-O {[%emt 0:00:09]} 5. f3 {[%emt 0:00:07]} d6 {[%emt 0:00:07]} 6. Be3 {[%emt 0:00:08]} Nc6 {[%emt 0:00:08]} 7. Nge2 {[%emt 0:00:18]} a6 {[%emt 0:00:09]} 8. Qd2 {[%emt 0:01:00]} Na5 {[%emt 0:00:10]} 9. Nc1 {[%emt 0:00:32]} Nd7 {[%emt 0:00:08]} 10. b4 {[%emt 0:10:22]} Nc6 {[%emt 0:00:27]} 11. Rb1 {[%emt 0:01:55]} e5 {[%emt 0:03:11]} 12. N1e2 {[%emt 0:05:36]} exd4 {[%emt 0:04:37]} 13. Nxd4 {[%emt 0:00:11]} Nde5 {[%emt 0:01:49]} 14. Be2 {[%emt 0:04:32]} f5 {[%emt 0:04:51]} 15. O-O {[%emt 0:11:59]} f4 {[%emt 0:06:35]} 16. Nxc6 {[%emt 0:02:10]} Nxc6 {[%emt 0:04:49]} 17. Bf2 {[%emt 0:03:03]} Be6 {[%emt 0:05:06]} 18. Nd5 {[%emt 0:04:19]} Be5 {[%emt 0:06:51]} 19. b5 {[%emt 0:07:04]} axb5 {[%emt 0:02:46]} 20. cxb5 {[%emt 0:00:03]} Ne7 {[%emt 0:01:46]} 21. Bc4 {[%emt 0:05:52]} Bf7 {[%emt 0:22:58]} 22. Bh4 {[%emt 0:01:06]} Bxd5 {[%emt 0:01:54]} 23. Bxd5+ {[%emt 0:01:09]} Kg7 {[%emt 0:00:12]} 24. Bxb7 {[%emt 0:00:24]} Ra3 {[%emt 0:04:08]} 25. Bd5 {[%emt 0:16:04]} h6 {[%emt 0:01:59]} 26. Bc4 {[%emt 0:06:42]} g5 {[%emt 0:01:57]} 27. Bf2 {[%emt 0:01:16]} Qa8 {[%emt 0:03:10]} 28. Bd4 {[%emt 0:03:50]} Ng6 {[%emt 0:01:16]} 29. Bd5 {[%emt 0:00:53]} Qa4 {[%emt 0:01:52]} 30. Bxe5+ {[%emt 0:07:28]} Nxe5 {[%emt 0:00:08]} 31. Qb4 {[%emt 0:02:31]} Qxb4 {[%emt 0:04:59]} 32. Rxb4 {[%emt 0:00:27]} Rb8 {[%emt 0:00:18]} 33. Rc1 {[%emt 0:04:13]} Ra7 {[%emt 0:01:58]} 34. Rc3 {[%emt 0:03:24]} c6 {[%emt 0:03:38]} 35. Bxc6 {[%emt 0:08:42]} Rxa2 {[%emt 0:05:02]} 36. Rb1 {[%emt 0:02:25]} Rb6 {[%emt 0:01:49]} 37. Rd1 {[%emt 0:01:48]} Nxc6 {[%emt 0:02:49]} 38. Rxc6 {[%emt 0:01:05]} Rxb5 {[%emt 0:01:22]} 39. Rcxd6 {[%emt 0:00:16]} Rbb2 {[%emt 0:00:17]} 40. Rc1 {[%emt 0:02:18]} Rxg2+ {[%emt 0:00:10]} 41. Kf1 {[%emt 0:00:08]} Raf2+ {[%emt 0:10:58]} 42. Ke1 {[%emt 0:00:01]} Rc2 {[%emt 0:00:15]} 43. Rxc2 {[%emt 0:01:06]} Rxc2 {[%emt 0:01:44]} 44. Rd7+ {[%emt 0:00:05]} Kg6 {[%emt 0:00:29]} 45. Rd6+ {[%emt 0:00:22]} Kh5 {[%emt 0:02:10]} 46. Rd2 {[%emt 0:00:05]} Rc1+ {[%emt 0:00:05]} 47. Kf2 {[%emt 0:00:07]} g4 {[%emt 0:03:23]} 48. Kg2 {[%emt 0:00:38]} Rc3 {[%emt 0:00:27]} 49. fxg4+ {[%emt 0:02:50]} Kxg4 {[%emt 0:00:10]} 50. e5 {[%emt 0:03:00]} Re3 {[%emt 0:00:24]} 51. Rd6 {[%emt 0:02:39]} h5 {[%emt 0:03:34]} 52. Rg6+ {[%emt 0:00:30]} Kf5 {[%emt 0:00:01]} 53. Rf6+ {[%emt 0:00:25]} Kg5 {[%emt 0:00:05]} 54. h4+ {[%emt 0:00:40]} Kg4 {[%emt 0:00:05]} 55. e6 {[%emt 0:00:03]} Re2+ {[%emt 0:05:00]} 56. Kf1 {[%emt 0:00:17]} Re4 {[%emt 0:00:05]} 57. Kf2 {[%emt 0:00:11]} Re3 {[%emt 0:00:36]} 58. Kg2 {[%emt 0:00:32]} Re5 {[%emt 0:03:17]} 59. Kf2 {[%emt 0:00:14]} Re3 {[%emt 0:02:19]} 60. Kg2 {[%emt 0:00:17]} f3+ {[%emt 0:01:05]} 61. Kf2 {[%emt 0:00:36]} Re2+ {[%emt 0:00:06]} 62. Kf1 {[%emt 0:00:04]} Kg3 {[%emt 0:00:11]} 63. Rf5 {[%emt 0:00:57]} Rh2 {[%emt 0:03:37]} 64. Rg5+ {[%emt 0:01:10]} Kxh4 {[%emt 0:00:22]} 65. Re5 {[%emt 0:01:02]} Kg3 {[%emt 0:00:13]} 66. Rg5+ {[%emt 0:00:01]} Kf4 {[%emt 0:00:11]} 67. e7 {[%emt 0:00:05]} Re2 {[%emt 0:00:54]} 68. Rxh5 {[%emt 0:00:06]} Rxe7 {[%emt 0:00:04]} 69. Rh8 {[%emt 0:00:19]} Ke3 {[%emt 0:00:05]} 70. Ra8 {[%emt 0:00:10]} Re4 {[%emt 0:00:26]} 71. Ra3+ {[%emt 0:00:11]} Kf4 {[%emt 0:00:05]} 72. Ra8 {[%emt 0:00:05]} Re5 {[%emt 0:00:22]} 73. Rf8+ {[%emt 0:00:14]} Rf5 {[%emt 0:00:19]} 74. Rxf5+ {[%emt 0:01:07]} Kxf5 {[%emt 0:00:02]} 75. Kf2 {[%emt 0:00:07]} Kf4 {[%emt 0:00:06]} 76. Kf1 {[%emt 0:00:08]} Kg3 {[%emt 0:00:04]} 77. Kg1 {[%emt 0:00:03]} Kf4 {[%emt 0:00:05]} 78. Kf1 {[%emt 0:00:20]} Ke3 {[%emt 0:00:06]} 79. Ke1 {[%emt 0:00:07]} f2+ {[%emt 0:00:05]} 80. Kf1 {[%emt 0:00:03]} Kf3 {[%emt 0:00:08]} 1/2-1/2